000 00559nam a2200217Ia 4500
003 GCL
008 140319s9999 xx 000 0 eng d
020 _a0500541701
040 _aGCL /
_cGCL
082 0 4 _aCC
_b962
_bR E
100 1 _aRODENBECK, MAX
245 1 0 _aEGYPT FROM THE AIR /
_cRODENBECK, MAX
260 _aانجلترا :
_bTHAMES AND HUDSON ،
_c1998
300 _a32 CM ؛
_c211 P
650 0 4 _aGUIDANCE
650 0 4 _aEGYPT
650 0 4 _aPHOTOGRAPHY
650 0 4 _aTOURISM
650 0 4 _aEGYPT - DESCRIPTION AND TRAVEL
942 _2ddc
_cBK
999 _c17220
_d17220